[Event "Porto San Giorgio op 16th"]
[Site "Porto San Giorgio"]
[Date "2004.08.22"]
[Round "2"]
[White "Tomescu, Vlad"]
[Black "Affinito, Pancrazio"]
[Result "1-0"]
[WhiteElo "2397"]
[BlackElo "2115"]
[PlyCount "93"]
[EventDate "2004.08.21"]
[EventType "swiss"]
[EventRounds "9"]
[EventCountry "ITA"]
[SourceTitle "CBM 101 Extra"]
[Source "ChessBase"]
[SourceDate "2004.09.01"]
[SourceVersion "2"]
[SourceVersionDate "2004.09.01"]
[SourceQuality "1"]

1. e4 c5 2. Nf3 Nc6 3. d4 cxd4 4. Nxd4 g6 5. Nc3 Bg7 6. Nb3 Bxc3+ 7. bxc3 Nf6 8. Bd3 d5 9. exd5 Qxd5 10. 0-0 0-0 11. c4 Qd6 12. c5 Qc7 13. f4 Bf5 14. Bb2 Rad8 15. Qf3 Bxd3 16. cxd3 Qd7 17. Bxf6 exf6 18. Rfd1 Qd5 19. Qxd5 Rxd5 20. Rd2 Rfd8 21. Rad1 Nd4 22. Nxd4 Rxd4 23. g3 R8d5 24. Rb1 Rxc5 25. Rxb7 Ra5 26. Kf2 Raa4 27. Rbb2 Kf8 28. Ke3 h5 29. Rdc2 Rd5 30. Rc7 Rad4 31. Rb8+ Kg7 32. Rb3 Rd7 33. Rxd7 Rxd7 34. d4 f5 35. Ra3 Kf6 36. Ra6+ Ke7 37. Kd3 Kd8 38. Kc4 Kc8 39. d5 Kd8 40. Kc5 Kc8 41. a4 Kd8 42. Rd6 Kc8 43. Rxd7 Kxd7 44. d6 Kd8 45. Kc6 Kc8 46. a5 Kd8 47. Kb7 1-0

[Event "Campobasso op 11th"]
[Site "Campobasso"]
[Date "2004.07.11"]
[Round "5"]
[White "Affinito, Pancrazio"]
[Black "Napoli, Nicolo"]
[Result "0-1"]
[WhiteElo "2115"]
[BlackElo "2172"]
[PlyCount "86"]
[EventDate "2004.07.09"]
[EventType "swiss"]
[EventRounds "6"]
[EventCountry "ITA"]
[SourceTitle "EXT 2007"]
[Source "ChessBase"]
[SourceDate "2006.11.23"]
[SourceVersion "1"]
[SourceVersionDate "2006.11.23"]
[SourceQuality "1"]

1. d4 g6 2. Nf3 Bg7 3. Bf4 c5 4. c3 Qb6 5. Qb3 cxd4 6. Qxb6 axb6 7. cxd4 Nc6 8. e3 Nb4 9. Kd2 Rxa2 10. Rxa2 Nxa2 11. Nc3 Nxc3 12. bxc3 Nf6 13. Bd3 0-0 14. Rb1 d6 15. Rxb6 Nd5 16. Rb5 Nxf4 17. exf4 Bh6 18. g3 Bd7 19. Rb2 Bc6 20. Ke3 Re8 21. Bb5 e5 22. Bxc6 exf4+ 23. Kd3 bxc6 24. Rb7 fxg3 25. hxg3 Bf8 26. Ng5 Be7 27. Nf3 h5 28. Rc7 c5 29. dxc5 dxc5 30. Kc4 g5 31. Rd7 Kg7 32. Rd5 f6 33. Kb5 Rb8+ 34. Kc4 Rb2 35. Rd2 Rxd2 36. Nxd2 h4 37. gxh4 gxh4 38. Ne4 f5 39. Nd2 h3 40. Nf3 Bd6 41. Kd5 h2 42. Nxh2 Bxh2 43. Kxc5 Kf6 0-1

[Event "Campobasso op 11th"]
[Site "Campobasso"]
[Date "2004.07.10"]
[Round "3"]
[White "Mazzilli, Piero"]
[Black "Affinito, Pancrazio"]
[Result "1-0"]
[WhiteElo "2302"]
[BlackElo "2115"]
[PlyCount "68"]
[EventDate "2004.07.09"]
[EventType "swiss"]
[EventRounds "6"]
[EventCountry "ITA"]
[SourceTitle "EXT 2007"]
[Source "ChessBase"]
[SourceDate "2006.11.23"]
[SourceVersion "1"]
[SourceVersionDate "2006.11.23"]
[SourceQuality "1"]

1. d4 Nf6 2. Nc3 c5 3. d5 d6 4. e4 g6 5. f4 Bg7 6. Nf3 0-0 7. Bc4 e6 8. 0-0 exd5 9. Bxd5 Nxd5 10. Nxd5 Nc6 11. c3 Be6 12. Ne3 Ne7 13. Ng5 Qd7 14. f5 gxf5 15. Nxh7 Kxh7 16. exf5 Nxf5 17. Nxf5 Bxf5 18. Qh5+ Kg8 19. Rxf5 Qe6 20. Bd2 Qg6 21. Qf3 b6 22. Rg5 Qh7 23. c4 Qh6 24. Qd3 Rae8 25. Rf1 Re6 26. Rxc5 Qh7 27. Qxh7+ Kxh7 28. Rh5+ Kg8 29. b3 Bd4+ 30. Kh1 Rfe8 31. Rg5+ Rg6 32. Rd5 Re4 33. Rf4 Rxf4 34. Bxf4 Bc5 1-0

[Event "Campobasso op 11th"]
[Site "Campobasso"]
[Date "2004.07.09"]
[Round "1"]
[White "Mitkov, Nikola"]
[Black "Affinito, Pancrazio"]
[Result "1-0"]
[WhiteElo "2534"]
[BlackElo "2115"]
[PlyCount "91"]
[EventDate "2004.07.09"]
[EventType "swiss"]
[EventRounds "6"]
[EventCountry "ITA"]
[SourceTitle "EXT 2007"]
[Source "ChessBase"]
[SourceDate "2006.11.23"]
[SourceVersion "1"]
[SourceVersionDate "2006.11.23"]
[SourceQuality "1"]

1. e4 c5 2. Nc3 Nc6 3. Nf3 g6 4. Bb5 Bg7 5. 0-0 e5 6. Bxc6 dxc6 7. h3 Ne7 8. d3 0-0 9. Be3 b6 10. Qd2 Be6 11. Bh6 Qd6 12. Bxg7 Kxg7 13. Ne2 f6 14. a3 a5 15. Qc3 Kg8 16. a4 Qd7 17. Kh2 g5 18. Nfg1 Ng6 19. g3 Qd6 20. f3 Ra7 21. f4 gxf4 22. gxf4 exf4 23. Nf3 Ne5 24. Rg1+ Kh8 25. Raf1 Rff7 26. Nxe5 Qxe5 27. Qxe5 fxe5 28. Rg5 Rf6 29. Rxe5 f3 30. Nf4 Bg8 31. Nh5 Rf8 32. Kg3 Raf7 33. Rf2 Rd7 34. Rxf3 Rxf3+ 35. Kxf3 Bf7 36. Nf6 Rb7 37. Kf4 Kg7 38. Ne8+ Bxe8 39. Rxe8 Rf7+ 40. Ke3 Rf1 41. Rc8 Rh1 42. Rxc6 Rxh3+ 43. Kf4 Rh2 44. Rxb6 Rxc2 45. b3 Rc3 46. e5 1-0

[Event "San Martino di Castrozza op 3rd"]
[Site "San Martino di Castrozza"]
[Date "2002.07.02"]
[Round "2"]
[White "Affinito, Pancrazio"]
[Black "Dallaglio, Giovanni"]
[Result "1-0"]
[WhiteElo "1794"]
[BlackElo "2051"]
[PlyCount "61"]
[EventDate "2002.07.01"]
[EventType "swiss"]
[EventRounds "7"]
[EventCountry "ITA"]
[SourceTitle "EXT 2007"]
[Source "ChessBase"]
[SourceDate "2006.11.23"]
[SourceVersion "1"]
[SourceVersionDate "2006.11.23"]
[SourceQuality "1"]

1. d4 Nf6 2. c4 e6 3. g3 d5 4. Bg2 c6 5. Nf3 Be7 6. 0-0 0-0 7. b3 Nbd7 8. Qc2 b6 9. Bb2 Bb7 10. Nc3 Rc8 11. Rad1 c5 12. cxd5 exd5 13. dxc5 bxc5 14. e3 Qc7 15. Nh4 Nb6 16. Nf5 a6 17. a4 Rcd8 18. Rd2 c4 19. a5 Nc8 20. Rfd1 Qxa5 21. Nxe7+ Nxe7 22. bxc4 Ba8 23. Nxd5 Nfxd5 24. cxd5 Bxd5 25. Bxd5 Rxd5 26. Rxd5 Nxd5 27. Qf5 Rd8 28. e4 g6 29. Qe5 f6 30. Qe6+ Kf8 31. exd5 1-0

[Event "San Martino di Castrozza op 3rd"]
[Site "San Martino di Castrozza"]
[Date "2002.07.01"]
[Round "1"]
[White "Voltolini, Giuseppe"]
[Black "Affinito, Pancrazio"]
[Result "1-0"]
[WhiteElo "2285"]
[BlackElo "1794"]
[PlyCount "89"]
[EventDate "2002.07.01"]
[EventType "swiss"]
[EventRounds "7"]
[EventCountry "ITA"]
[SourceTitle "EXT 2007"]
[Source "ChessBase"]
[SourceDate "2006.11.23"]
[SourceVersion "1"]
[SourceVersionDate "2006.11.23"]
[SourceQuality "1"]

1. e4 c5 2. Nc3 Nc6 3. f4 e6 4. Nf3 d5 5. Bb5 Nf6 6. e5 Nd7 7. 0-0 g6 8. d3 Bg7 9. Bxc6 bxc6 10. Qe1 0-0 11. Kh1 Qe7 12. b3 f6 13. exf6 Bxf6 14. Bd2 Ba6 15. Qe2 e5 16. fxe5 Nxe5 17. Rae1 Rae8 18. Nxe5 Qxe5 19. Qf2 Qf5 20. Qxf5 gxf5 21. Rxf5 Rxe1+ 22. Bxe1 Bxc3 23. Rxf8+ Kxf8 24. Bxc3 c4 25. dxc4 dxc4 26. Bd4 cxb3 27. cxb3 Ke7 28. Bxa7 Kd6 29. b4 Bb5 30. Kg1 Kd5 31. Kf2 Kc4 32. Bc5 Kc3 33. g4 Kb2 34. h4 Kxa2 35. g5 Bc4 36. Ke3 Bf7 37. Kf4 Bh5 38. Kf5 Kb3 39. Kf6 Kc4 40. Kg7 Bg6 41. h5 Bxh5 42. Kxh7 Bg4 43. g6 Bf5 44. Kh6 Be6 45. Kg7 1-0